[Event "WCO"]
[Site "Chennai, India"]
[Date "2022.08.08"]
[Round "10.1"]
[White "Gukesh, D."]
[Black "Abdusattorov, Nodirbek"]
[Result "0-1"]
[WhiteElo "2684"]
[BlackElo "2688"]
[EventDate "2022.??.??"]
[Annotator "Kujasevic,Davorin"]
[PlyCount "144"]
[Beauty "5705524319768"]
[EventType "team-tourn"]
[EventCountry "IND"]

{In a clash of two chess stars on the first board of the Olympiad, we witnessed a shocking turnaround that might prove to have a significant impact on the final standings.} 
1.d4 Nf6 2.c4 e6 3.Nf3 d5 4.Nc3 Bb4 5.Qa4+ {Gukesh repeats the move that he used successfully in round six against Sargissian.} 5...Nc6 6.e3 O-O 7.Bd2 a5 {Abdusattorov deviates quite early. This move is not very popular, although it is very reasonable. The idea behind supporting the b4-bishop is to prepare the ...Nc6-e7 maneuver.} ( {In round six Game of the Day, we saw} 7...dxc4 8.Bxc4 Bd6 9.Qc2 e5 10.dxe5 Nxe5 11.Be2 {Gukesh D. (2684)-Sargissian Gabriel (2698) Chennai, India 2022, 1-0 (41)} ) 8.a3 Bxc3 9.Bxc3 Ne7 10.Qc2 b6 {Black has given up his dark-square bishop, so his strategy is to fight for the light-square complex. With his last move, he prepares to hit the c4-pawn with ...Ba6.} 11.b3 {A typical prophylactic move that strengthens the c4-pawn.} ( {Perhaps the alternative} 11.cxd5 exd5 12.Bd3 {should get more attention in the future. It appears that White has a slight positional edge after} 12...Ba6 13.Bxa6 Rxa6 14.O-O {due to the pressure along the c-file.} ) 11...Ba6 12.a4 {This move is consistent with Gukesh's general strategy to preserve control over the light squares in the center. Its drawback is that Black can exploit the weakening of the b4-square.} ( 12.Be2 {is a more solid choice. The young Indian probably disliked the fact that Black can compromise his queenside structure with} 12...a4 13.bxa4 Bxc4 14.Bxc4 dxc4 {with good counterplay.} ) 12...Ne4 13.Bb2 Nc6 14.Ba3 {It feels like White has wasted precious time over the last few moves, trying to evade Black's threats.} ( {Objectively speaking, it would have been better to play} 14.cxd5 Bxf1 15.Kxf1 Qxd5 16.Qc4 {However, this position is equal, and Gukesh was more ambitious.} ) 14...Nb4 15.Bxb4 axb4 16.Bd3 {This was Gukesh's idea. The knight cannot jump on c3 because the h-pawn is hanging. Or can it $2} 16...Nf6 $6 {Abdusattorov trusts his opponent.} ( {However,} 16...Nc3 $1 {is not only possible, but also very strong since} 17.Bxh7+ Kh8 18.Bd3 dxc4 19.bxc4 Bb7 {leaves White struggling to complete his development. Black has a big initiative for a pawn because of ideas like Bxf3, Qg5, and c5. The c3-knight is untouchable, and it paralyzes the white pieces.} ) 17.O-O {The position is balanced now. Uzbekistan's first board decides to play the thematic} 17...c5 {which looks okay,} ( {although} 17...dxc4 $5 18.Bxc4 Bb7 {might have been more accurate since it stops White from pushing the e-pawn. Black will gradually prepare ...c7-c5 in slightly better circumstances.} ) 18.dxc5 bxc5 19.e4 $1 {Gukesh puts pressure on his opponent with this central break. How should Black resolve the central tension $2} 19...dxe4 $6 {A tempting yet suboptimal choice. The arising structure is superior for White because the c5-pawn is weak, and the protected passer on the a-file is potentially a significant asset in the endgame. On the other hand, Black will find it difficult to make his kingside majority count.} ( {It would have been better to play} 19...dxc4 {again, when} 20.Bxc4 Bb7 {would be more balanced since White would not have a queenside majority, as he did in the game.} ) 20.Bxe4 Ra7 $2 {Abdusattorov plays this move \"a tempo,\" but he probably regretted not spending more time on it in hindsight. The rook would like to go to d7 and support Bb7, but it will prove completely misplaced after Gukesh's reply.} ( 20...Rc8 {would have been better, and if White goes} 21.Ne5 {then} 21...Qc7 {would have given Black a slightly worse but manageable position with much better piece coordination than he had in the game.} ) 21.Ne5 Qd6 22.Rfe1 $1 {Gukesh defends the mighty knight most efficiently. On top of that, he threatens to bring his rook to the crucial d-file with a tempo.} 22...Nxe4 ( 22...Qxe5 {drops the queen to a discovered attack} 23.Bxh7+ ) 23.Qxe4 Rd8 {Black fights for the d-file with all his might. However, Gukesh's quiet queen retreat} 24.Qf3 $1 {leaves him defenseless against Rad1.} 24...Qc7 ( {To make things worse, he cannot play} 24...Bb7 {because of} 25.Qxf7+ ) 25.Rad1 Raa8 {The young Uzbek has to admit his hasty mistake on move 20 when he misplaced his rook. It's better late than never, but his position is already very suspicious.} 26.Rxd8+ {Gukesh wants to exchange all the heavy pieces to eliminate defenders of the c5-pawn. The minor piece endgame is lost for Black since the bishop cannot perform this duty.} 26...Rxd8 27.Rd1 $1 Rc8 $6 {This move only postpones the inevitable. Black cannot give White control over the open file.} ( {It would have been better to exchange the rooks immediately} 27...Rxd1+ 28.Qxd1 {and after} 28...h6 {For example,} ( {White's previous move was based on the back-rank tactic} 28...Qxe5 29.Qd8# ) 29.Nd3 Qd6 30.Qf3 Qd4 {promises Black some counterplay.} ) 28.Qg3 h5 {Black needs to give some \"luft\" to his king, and White does the same.} ( {Gukesh planned to refute} 28...f6 {with} 29.Rd7 ) 29.h3 ( 29.Rd7 {wouldn't work here due to White's own back-rank issues after} 29...Rd8 ) 29...Rd8 30.Rxd8+ Qxd8 31.Nd3 {This is a much worse version of this endgame compared to 27...Rxd1 since White's pieces coordinate much quicker to capture the c-pawn.} 31...h4 ( {Black's main problem is that} 31...Qd4 {is strongly met by} 32.Qe3 $1 {and the c5-pawn falls, one way or another.} ) 32.Qe3 Bb7 {Abdusattorov realized that he could not save the c-pawn. His only chance is to pester his opponent with real or imaginary threats to confuse him and make his conversion job more difficult.} 33.f3 {The idea behind this cautious move is to limit the light-square bishop. The pawn will not run away.} ( 33.Nxc5 {is possible, when Black would probably continue} 33...Qd1+ 34.Kh2 Qd6+ {in order to provoke} 35.f4 {White is winning, but his king is potentially a little vulnerable on g2 and g3, so Gukesh's choice is understandable.} ) 33...Qd6 34.Kf1 e5 35.Nxc5 {This is a good moment to take the pawn since the white king is safe in the center.} 35...Bc8 ( 35...Qd1+ {amounts to nothing after} 36.Kf2 Qc2+ 37.Qe2 ) 36.Ke1 {In similar situations, we usually write: \"And the rest is a matter of technique.\" Gukesh has a healthy extra pawn in the endgame, a protected outside passer, and perfect piece coordination. He only needs to make the time control and avoid a couple of tricks, and victory will be at hand. However, as we will see, things are not always that simple in practice.} 36...Bf5 ( 36...Qg6 {would be safely met by} 37.Qd2 ) 37.a5 {A timely decision. Black is preparing to create counterplay with ...Bc2, so Gukesh uses his trump card to tie the black pieces in defense.} 37...Qc7 38.a6 Bc8 39.Nd3 {A good transformation of advantage. White trades his a-pawn for one of the opponent's but, more importantly, improves his piece coordination.} 39...Bxa6 40.Qxe5 $1 {This is the right capture. The white queen is dominant in the center of the board, and it seems like capturing one of the b4/ h4 pawns is only a matter of time.} ( 40.Nxb4 $6 Bb7 {is not as simple since Black might generate counterplay with his e-pawn.} ) 40...Qb6 41.Nc5 Qa5 42.Kd1 {Perhaps this king run toward the queenside was not necessary, but it's still fine.} ( {The king actually seems safer on the kingside after} 42.Kf2 ) 42...Qd8+ 43.Kc2 Bc8 {White is up a pawn and has everything under his control. At this point, everyone saw Gukesh extending his dream-like Olympiad run. Alas, his nerves took the best of him as he became indecisive and began drifting.} 44.Ne4 $6 {Not a mistake per se, but a step in the wrong direction.} ( {It is difficult to understand why the Indian prodigy rejected a simple move} 44.Nd3 {It does not seem like Black has a good way to defend the b-pawn or create meaningful counterplay. For instance,} 44...Be6 ( {or} 44...Qf8 45.c5 ) 45.Nxb4 Qb6 46.Nd3 Qg1 47.Nf4 {has to be winning for White.} ) 44...Be6 45.Kb2 $4 {A complete blackout $1 Gukesh lets his opponent back in the game.} ( {Instead, he could have kept a winning position with} 45.Qd6 {eyeing the b4-pawn. After} 45...Qa5 46.Kd3 $1 {Black would be stuck since} 46...Qa3 {runs into} 47.Qd8+ Kh7 48.Qxh4+ ) ( {Alternatively,} 45.Qg5 $5 Qd4 46.Qd2 $1 {would have a similar effect. It's crucial that the white queen have access to the d8-square. Gukesh might have missed this in his calculation.} ) 45...Qa8 $1 {Suddenly, the counterplay on the a-file is real.} 46.Nc5 Qa3+ 47.Kb1 g6 $1 {Abdusattorov prepares to activate his bishop on f5, which means that the white knight will have to retreat to e4.} 48.Kc2 ( {Sadly for White,} 48.Nxe6 {doesn't work because} 48...Qxb3+ 49.Qb2 Qd1+ {leads to a draw by perpetual.} ) 48...Qa2+ 49.Qb2 Bf5+ 50.Ne4 Qa7 $1 {Black's queen can demonstrate its full range of mobility. Due to the pinned knight, 51...Qf2+ is a threat, and White cannot advance the c-pawn.} 51.Kd3 Qg1 52.Qc2 Qc5 53.Qd2 Qg1 {White's progress has been stalled because of the weak pawns on g2 and b3. What's worse, the black queen is too active. It probably dawned on Gukesh around here that his position is not objectively winning anymore.} 54.Kc2 Qa1 55.Kd3 Qg1 56.Qe2 Qa7 57.Qe3 $6 {I can remember more than one game in my life when, having let a winning advantage slip, I continued playing for a win by inertia and completely underestimated the fact that I could actually lose the game $1 The same thing happens here to Gukesh, who, for some reason, didn't pull the breaks and called it a draw even though his teammate on board 3 had a winning endgame. After this move, there is no going back.} 57...Qa2 58.Kd4 Qxg2 {It's anyone's game now. However, the psychological advantage is clearly on the side of Abdusattorov, who has escaped from a hopeless position and, unlike his frustrated opponent, continues the game with a new-found vigor.} 59.Ng5 f6 $1 {Black's king will be safe despite the checks.} 60.Qe8+ Kg7 61.Qe7+ Kh6 62.Nf7+ Kh5 63.Kc5 $6 ( 63.Qe3 g5 64.Qe8 $1 {is a much better try, when Black would have to be more careful about keeping the balance.} ) 63...Qxf3 64.Qxf6 Qe3+ 65.Kxb4 Bxh3 {Black covers all the critical squares around his king, and, given the open nature of the position, he has better practical chances with his queen and bishop vs. White's queen and knight pair.} 66.Ne5 Qd2+ 67.Kb5 Bd7+ 68.Kc5 ( {It is safer to go for the pure queens' endgame with} 68.Nxd7 Qxd7+ 69.Kb6 h3 70.c5 {and White shouldn't be losing this in a million years.} ) 68...Qe3+ 69.Kb4 Bf5 70.Qh8+ Qh6 71.Qd8 Qg7 {With only several seconds on the clock, Gukesh makes a fatal blunder} 72.Nf3 $4 {forgetting about} ( {Draw would still be the most likely result after} 72.Qd1+ Kh6 73.Qd6 ) 72...Qb7+ {Gukesh loses a piece, so he resigned. His historical run was stopped in the most disheartening way, but credit has to be given to Abdusattorov for defending resourcefully and not giving up despite the odds.} 0-1

[Event "Saint Louis Rapid & Blitz 2022"]
[Site "Chess.com"]
[Date "2022.08.27"]
[Round "4"]
[White "Nepomniachtchi, Ian"]
[Black "Mamedyarov, Shakhriyar"]
[Result "1-0"]
[WhiteElo "2792"]
[BlackElo "2758"]
[EventDate "2022.??.??"]
[Annotator "Rafael Leitão"]
[PlyCount "77"]
[Beauty "7770669590061"]
[EventType "blitz"]
[TimeControl "600+5"]

1.d4 Nf6 2.c4 e6 3.Nf3 d5 4.g3 {The Catalan has become a powerful weapon for Nepomniachtchi. After all the work he had to do in order to play it with Black in the match against Carlsen, no wonder he decided to try it with the other color.} 4...Bb4+ {This check is one of the most reliable options for Black.} 5.Bd2 Be7 6.Bg2 O-O 7.O-O Nbd7 {The point is that the bishop is not well placed on d2 in the lines where Black refrains from taking on c4. With the bishop on c1, White can play b3-Bb2 or Qc2-Nbd2, plans that are not available now.} 8.Qc2 c6 9.h4 $5 {This incredible idea is only White's 16th most popular choice in this position $1 This shows that it's still possible to find fresh ideas even in the most studied openings. But what's the idea of this mysterious move $2 From what I understand, the reasoning is this: 9.Nc3 is premature because Black can take the c4-pawn and then defend it with b7-b5. That's why White makes an useful move and intends to answer 9...b6 (the most natural move) with 10.Nc3. If Black captures the c4-pawn and plays b6-b5 in this case, then White has an extra tempo and the pawn is quite useful on h4.} ( 9.Nc3 dxc4 10.e4 b5 {and Black is ok.} ) 9...b6 10.Nc3 {This is the point. The pawn is useful on h4 in case Black now decides to take on c4.} 10...Ba6 ( 10...Bb7 {is a bit passive, but also playable.} 11.e4 dxe4 ( 11...Nxe4 12.Nxe4 dxe4 13.Qxe4 Nf6 14.Qe2 {is slightly better for White.} ) 12.Ng5 $5 ( 12.Nxe4 c5 $1 {equalizes.} ) 12...c5 13.d5 $1 exd5 14.cxd5 Nxd5 15.Nxd5 Bxd5 16.Rad1 {with compensation for the pawn.} ) ( 10...dxc4 11.e4 b5 {This is still unclear, but the h4-pawn helps the attack.} ) 11.cxd5 cxd5 12.Rfc1 Bb7 $146 {A new move.} ( 12...Qb8 {was tried before,} ) 13.Bf4 Rc8 14.Qb3 a6 15.a4 $1 {Preventing the typical move b5 that gives Black more space on the queenside.} 15...h6 {A useful move, giving some air to the king and taking the g5-square from the white pieces.} 16.e3 {This is a very difficult move to play, but this pawn on e3 will be very helpful for White in a few moves. The problem is that the f4-bishop doesn't have many squares now; it must be ready to be sacrificed in some variations.} ( 16.Rc2 {Is a normal move, but it's not enough for an advantage. Black can try 16...Nh5 or even 16...Nb8 followed by 19...Nc6.} 16...Nb8 $5 ( 16...Nh5 17.Bd2 Rc4 ) ) ( 16.Na2 $5 {Is interesting, planning either Nb4 or the exchange of rooks on the c-file followed by Rc1.} ) 16...Nh5 $6 {It's curious that all moves with this knight are possible and good. Actually this one is my least favorite. The capture on f4 helps White because after he takes with the e-pawn, he gets more space and a clear plan of action.} ( 16...Ne4 {is the most natural. A possible line is:} 17.Nxe4 dxe4 18.Ne5 g5 ( 18...Bd5 {is also good.} ) 19.hxg5 hxg5 20.Rxc8 Qxc8 21.Qd1 $1 gxf4 22.Qg4+ {and the game ends in perpetual check.} ) ( 16...Nh7 {is strange but interesting. The idea is to give some primitive support to the advance g7-g5 and simply try to capture the bishop.} 17.Bh3 $1 {is necessary in order to keep an eye on the e6-pawn.} 17...g5 18.hxg5 hxg5 19.Be5 {with a complicated position.} ) ( 16...Ne8 {This move prepares both the g5 advance and also Nd6, improving the knight's position.} 17.Qd1 $1 {A necessary retreat to avoid 17.. .g5.} 17...Nd6 ( 17...g5 $2 18.hxg5 hxg5 19.Nxg5 $1 Bxg5 20.Qg4 f6 21.Qxe6+ {with a big advantage for White.} ) 18.Rc2 {with chances for both sides.} ) 17.Bh3 ( 17.Qd1 {This move immediately is more accurate, avoiding 17...g5.} 17...g5 $2 18.hxg5 hxg5 19.Nxg5 $1 Bxg5 20.Qxh5 ) 17...Rc4 $6 ( 17...g5 $1 {is a better try.} 18.hxg5 hxg5 19.Be5 Ng7 $1 {Black brings the knight back, defends e6, and prepares f7-f6. In order to save the bishop, White must either capture the knight or play 20.g4. I think Black is fine in both cases.} ( 19...f6 $2 {But not this greedy move.} 20.Bxe6+ Kg7 21.Bxd5 Bxd5 22.Nxd5 Rxc1+ 23.Rxc1 fxe5 24.Nc7 {and White wins.} ) ) 18.Qd1 $1 {Now g5 is avoided because the h5-knight is hanging.} 18...Nxf4 19.exf4 {The pawn structure is now favorable for White. Black has no pawn breaks and is suffocated without an active plan.} 19...Bd6 20.Bf1 $1 {Improving the bishop.} 20...Rc7 21.Bd3 Nf6 22.Qe2 Qa8 23.Ne5 Rfc8 24.f3 {A solid move, taking the e4-square from Black's knight. White's is plan is to attack on the kingside with g4-g5 and so on. Black is helpless against this plan and should seek some desperate counterplay. Notice the awkward placement of the queen on a8, far away from the action. This piece would be much better placed on e7.} 24...h5 25.Qe3 Bb4 26.Rc2 {Nepomniachtchi plays very carefully, reinforcing the position before going for the attack.} 26...g6 ( 26...a5 {with the idea of playing Ba6 is probably the last chance.} ) 27.Rac1 Kg7 28.Bxg6 $1 {A flashy move, well in Nepomniachtchi's style. He has great feeling for the initiative. Both 28.g4 and even 28.f5 are also good.} ( 28.g4 ) ( 28.f5 $5 exf5 29.g4 {and the computer indicates that the attack is winning, but no human plays like this.} ) 28...fxg6 29.Qd3 Ne4 {This is forced. The attack is just too strong if the queen captures the g6-pawn, for instance:} ( 29...Kh8 30.Qxg6 Rf8 31.Ne4 {There are other winning moves.} 31...Rg7 ( 31...Rxc2 32.Nxf6 Rxc1+ 33.Kg2 Rc2+ 34.Kh3 {and White mates.} ) 32.Qh6+ Rh7 33.Ng6+ Kg8 34.Nxf6+ Rxf6 35.Qg5 Qd8 ( 35...Rff7 36.Rc7 $18 ) 36.Ne7+ Kf7 37.Ng8 $1 {A nice final touch.} 37...Qxg8 38.Rc7+ $18 ) 30.fxe4 dxe4 31.Qe3 {Now the material balance is restored, but the attack continues. White is ready for f5 or g4, the e5-knight is a monster, and Black's queen is still out of place on a8.} 31...Bd5 32.g4 {A matter of taste. 32. f5 and 32.Nxd5 also wins.} ( 32.f5 exf5 33.Nxd5 Rxc2 34.Rxc2 Rxc2 35.Nxb4 $18 ) ( 32.Nxd5 Rxc2 33.Rxc2 exd5 ( 33...Rxc2 34.Nxb4 Rxb2 35.Qc1 $1 Rxb4 36.Qc7+ Kh8 37.Qf7 $18 ) 34.Rf2 {followed by f5 and an easy win.} ) 32...hxg4 33.Rg2 $1 Kh7 34.Rxg4 Rg8 35.Kh2 Qc8 36.f5 $1 {The final breakthrough.} 36...gxf5 ( 36...exf5 37.Nxd5 Rxc1 38.Nf6+ {wins.} ) 37.Rxg8 Kxg8 38.Qg5+ Rg7 ( 38...Kf8 39.Qf6+ Ke8 40.Rg1 {and the attack is decisive.} ) 39.Nxd5 $1 {A nice conclusion to a well-played game. Nepomniachtchi is in great form.} ( 39.Nxd5 Qxc1 40.Qd8+ ) 1-0